000 00885nam a22002657a 4500
001 5643
003 FISKH
005 20250109084735.0
008 250109b cb ||||| |||| 00| 0 eng d
020 _a9781904550662
040 _aFISKH
_beng
_cFISKH
_dFISKH
050 _aPZ8.3
082 _a398.8
100 _aKubler, Annie
245 _aThe wheels on the bus /
_cIllustrated by Annie Kubler
260 _aSwindon :
_bChild Play,
_c2001.
300 _a16 unnumbered pages :
_bcolor illustrations :
_c21 cm
505 _a160
520 _aIn this version of the classic song, the wheels go round, the wipers go swish, the driver says "Tickets Please!" and so on, all around the town. Features die-cut pages.
521 8 _a160
_bLexile
521 8 _aD
_bRaz-Plus
650 _aTransportation
_vBoard book
_xSongs
942 _2ddc
_cBK
_n0
999 _c5643
_d5643